| 000 | 00990nam a22002655i 4500 | ||
|---|---|---|---|
| 999 |
_c27702 _d27673 |
||
| 003 | EG-ScBUE | ||
| 005 | 20191022151858.0 | ||
| 008 | 191022t1995 ua a f b 001 0 eng d | ||
| 020 | _a9772232227 | ||
| 040 |
_aEG-ScBUE _beng _erda _cEG-ScBUE _dEG-ScBUE |
||
| 043 |
_ama----- _aa-ko--- _aa-kn--- |
||
| 082 | 0 | 4 |
_a327.1749270519 _bARA _222 |
| 245 | 0 | 4 |
_aThe Arabs and the Koreans : _bcomparative perspectives on new issues / _cedited by Mohammed El-Sayed Selim. |
| 264 | 1 |
_aCairo : _bCenter for Asian studies, Faculty of Economics & Political Science, Cairo University, _c[1995] |
|
| 264 | 4 | _cc1995 | |
| 300 |
_a223 pages : _billustrations ; _c24 cm |
||
| 336 |
_atext _btxt _2rdacontent |
||
| 337 |
_aunmediated _bn _2rdamedia |
||
| 338 |
_avolume _bnc _2rdacarrier |
||
| 504 | _aIncludes bibliographical references and index. | ||
| 653 |
_bBUSBOL _bMASPPSS _cOctober2019 |
||
| 700 | 1 |
_aSelim, Mohammed El-Sayed, _eeditor. |
|
| 942 |
_2ddc _cBB |
||